000 04533nab a2200325 i 4500
003 BR-BrBNA
005 20240208162220.0
008 240208b1999 bl.fr|p|oa||| 00| 0 por |
040 _aBR-BrBNA
_bpor
072 _aF60
_b2790
072 _aL74
072 _aS30
100 _aVolpato, Gustavo T.
100 _aDamasceno, Débora C.
100 _aCalderon, Iracema de M. Paranhos
100 _aRudge, Marilza V. C.
245 _aEstudo do extrato de Bauhinia forficata L. sobre o diabete em ratas prenhes
500 _aPublicação on-line; 19 ref.; 4 illu.; 1 table; Summaries (En, Pt)
520 _a RESUMO O objetivo deste trabalho foi estudar expenmentalmente os efeitos do extrato aquoso do Bauhmta forficata L. (pata-de-vaca) sobre ratas prenhes diabéticas, cujo diabete foi induzido por streptozotocm, e sobre o desenvolvimento fetal Foram utilizadas ratas Wistar prenhes divididas em 3 grupos experimentais: controle (C, n=7). diabéticas nào tratadas (DNT, n=7) e diabéticas tratadas com o extraio aquoso das folhas de pata-de-vaca na dose de 200 mg/kg (DT, n=7). Os animais receberam o tratamento por via oral (gavage). Os níveis de glicose sangúínea foram verificados no 0. 5®. 14ç e 209 dias de prenhez. Durante toda a prenhez, o peso corporal, o consumo de ração e a ingestão de água de todas as ralas foram medidos diariamente. Os resultados demonstraram que o extrato da planta reduziu a perda de embriões põs-implantados. aumentando assim o número de fetos vivos, ficando semelhante ao gmpo controle Observou-se que houve um aumento no consumo de ração e água das ratas prenhes DT c DNT comparadas ãs controle, em função da hiperglicemia. Os níveis de glicemia materna não apresentaram diferenças significativas entre os grupos DT e DNT, portanto, o extrato aquoso das folhas de B forficata, na dose testada, não apresentou efeito hipoglicemiante em ratas prenhes diabéticas. No entanto, os resultados sugerem que as ratas DT parecem ter sido protegidas, indicando que o extraio de pata-de-vaca pode terfavorecido a implantação dos embnões. permitindo a ocorrência de prenhez a termo. Palavras-chave: Bauhtnta forficata, pata-de-vaca, planta medicinal, hipoglicemiante, streptozotocm, ratas diabéticas
520 _a ABSTRACT: Study of Bauhinia forficata L. extract on diabete in pregnant rats. The objective of this paper was to study the aqueous extract of Bauhinia forficata L. (pata-de-vaca) effects on streptozotocinmduced diabete pregnant rats. We used Wistar pregnant rats, divididcd in 3 expenmental groups: control (C, n=7), non-treated diabetics (DNT, n=7) and streptozotocm induced-diabetics treated with an aqueous extract of pata-de-vaca leaves, 200 mg/kg dose (DT, n=7). The animals received the extract through a gastnc tube (gavage). The blood glucose level were verified on day 0, 5, 14 and 20 of pregnancy. During pregnancy, the daily mean water intake, food intake and average maternal weight gams of rats were measured. The results demonstrated that plant extract reduced the postimplantation loss porcentage, increasing the number of live fetuses likely to the control group. We found increased food and water intake of the DT and DNT pregnant rats compared to control due to hyperglycemic state. We also observed average maternal weigh! gams was likely to the DT and control groups on different pregnant periods, suggesting treatment with the plant contributed for the ral weight gains The blood glucose level of dams did not present significative differences between DT and DNT groups Thus, the B. forficata aqueous extract. 200 mg/kg dose, did not present hypoglycemic effect on streptozotocm-induced diabete pregnant rats. Nevertheless, the results suggest that DT pregnant rats were kept safe the for B forficata aqueous extract, allowing at term pregnant occurence. Key words: Bauhinia forficata, pata-de-vaca, medicinal plant, hypoglycemic, streptozotocin, diabetic rats
650 _aBAUHINIA FORFICATA
650 _aMORORÓ
650 _aPLANTA MEDICINAL
650 _aRATO
650 _aDIABETE
773 0 _03543
_913656
_dBotucatu-SP Instituto de Biociências - Departamento de Química e Bioquímica 1998
_o2023-29681
_tRevista Brasileira de Plantas Medicinais (Brazil)
_x1516-0572
_gv. 2(1) p. 49-55; (1999)
_wBR2024000008
856 _uhttps://www.sbpmed.org.br/admin/files/papers/file_gi8W4ADlK64G.pdf
942 _cAnalítica
999 _c298479
_d298479